Gabriela Mistral : su prosa y poesía en Colombia : visión de Europa : correspondencia : crónicas /
Na minha lista:
| Autor principal: | |
|---|---|
| Outros Autores: | |
| Formato: | Livro |
| Idioma: | espanhol |
| Publicado em: |
Bogotá, Colombia :
Convenio Andrés Bello,
2002, c2002
|
| Assuntos: | |
| Tags: |
Sem tags, seja o primeiro a adicionar uma tag!
|
MARC
| LEADER | 00000nam^a2200000^a^4500 | ||
|---|---|---|---|
| 001 | 000169634 | ||
| 005 | 20250909174916.0 | ||
| 009 | 20260310101242.42 | ||
| 020 | |a 958-698-083-9 | ||
| 020 | |a 958-698-081-2 | ||
| 037 | |a Acervo ITESO - Biblioteca | ||
| 041 | |a ESP | ||
| 082 | |a 868. |b MIS V. 2 | ||
| 100 | |a Mistral, Gabriela |e (autor) | ||
| 240 | 1 | 1 | |a [Gabriela Mistral: su prosa y poesía en Colombia] |
| 245 | 1 | 0 | |a Gabriela Mistral : |b su prosa y poesía en Colombia : visión de Europa : correspondencia : crónicas / |c G. Mistral ; comp. y pról. de O. Morales Benítez. |
| 264 | 4 | |a Bogotá, Colombia : |b Convenio Andrés Bello, |c 2002, c2002 | |
| 300 | |a 534 p. | ||
| 336 | |a texto |b txt |2 rdacontenido | ||
| 337 | |a sin mediación |b n |2 rdamedio | ||
| 338 | |a volumen |b nc |2 rdasoporte | ||
| 586 | |a Premio Nobel de Literatura 1945: Antologías | ||
| 649 | |a XX | ||
| 650 | |a Escritores Chilenos - |x Correspondencia | ||
| 650 | |a Mujeres Chilenas - |x Correspondencia | ||
| 650 | |a Ensayos Chilenos | ||
| 650 | |a Cartas Chilenas | ||
| 650 | |a Crónicas Chilenas | ||
| 650 | |a Literatura Autobiográfica - |z Chile | ||
| 650 | |a Literatura de Mujeres - |z Chile | ||
| 650 | |a Literatura Chilena - |y Siglo XX | ||
| 650 | |a Mistral, Gabriela - |x Tema Principal | ||
| 700 | |a Morales Benítez, Otto |e (compilación y prólogo) | ||
| 910 | |a Fondo General | ||
| 920 | |a Impresos - Libros | ||
| 930 | |a Colección General | ||
| 940 | |a Literatura | ||
| 905 | |a 101 | ||
| 901 | |a 0500106667 |b IT1 |c LIT |u 20250521 | ||
| 902 | |a https://opac.biblio.iteso.mx/vufind/Record/000169634 | ||